000 00722cab a2200277 4500
001 X1414
008 090401t1994 xxu||||| |||| 00| 0 eng d
035 _a(Sirsi) u16946
041 _aeng
245 _aClive Lewis` African tour takes in seven cities in five countries
260 _c1994
350 _a0
490 _aCSM (Chartered Surveyor Monthly)
_v3(7) April 1994, 8(1)
650 _aAFRICA
650 _aBOTSWANA
650 _aKENYA
650 _aLEWIS C.
650 _aMALAWI
650 _aPRESIDENTIAL VISIT
650 _aRICS PRESIDENT
650 _aSOUTH AFRICA
650 _aZIMBABWE
690 _aMANAGEMENT-BUSINESS MANAGEMENT-PROFESSIONAL PRACTICE
942 _n0
948 _c04/03/1997
999 _c11225
_d11225